| 000 | 02061cam a2200397 a 4500 | ||
|---|---|---|---|
| 001 | 15132301 | ||
| 005 | 20210414114028.0 | ||
| 008 | 080109s2008 enk b 001 0 eng | ||
| 010 | _a 2008000743 | ||
| 015 |
_aGBA812966 _2bnb |
||
| 016 | 7 |
_a014507694 _2Uk |
|
| 020 | _a9780199230266 | ||
| 020 | _a0199230269 | ||
| 035 | _a(OCoLC)ocn190761269 | ||
| 035 | _a(OCoLC)190761269 | ||
| 040 |
_aDLC _cDLC _dUKM _dBTCTA _dBWKUK _dBWK _dYDXCP _dDLC |
||
| 043 |
_ae-uk-en _ae-uk-wl |
||
| 050 | 0 | 0 | _aKD1480.W38 |
| 082 | 0 | 0 |
_a346.4205/9 _222 |
| 100 | 1 | _aWatt, Gary. | |
| 245 | 1 | 0 |
_aTrusts and equity. / _cGary Watt. |
| 250 | _a3rd ed. | ||
| 260 |
_aOxford ; _aNew York : _bOxford University Press, _c2008. |
||
| 300 |
_axli, 594 p. : _c25 cm. |
||
| 504 | _aIncludes bibliographical references and index. | ||
| 505 | 0 | _aFoundations -- Trusts in context -- Trusts created expressly -- Effective disposition of benefit : constitution of trusts -- Ineffective disposition of benefit : resulting trusts -- Formality, perpetuity, and illegality : trust creation and public policy I -- Charity : trust creation and public policy II -- Constructive trusts and informal trusts of land -- Flexibility of benefit -- The Fiduciary duty -- Fulfilling and filling the office of trustee -- Trustee investment -- Breach of trust : the personal liability of trustees -- Tracing and recovering trust property -- The Equitable personal liability of strangers to the trust -- Equitable maxims, doctrines, and remedies. | |
| 650 | 0 |
_aEquity _zEngland. |
|
| 650 | 0 |
_aEquity _zWales. |
|
| 650 | 0 |
_aTrusts and trustees _zEngland. |
|
| 650 | 0 |
_aTrusts and trustees _zWales. |
|
| 856 | 4 | 1 |
_3Table of contents only _uhttp://www.loc.gov/catdir/toc/ecip088/2008000743.html |
| 856 | 4 | 2 |
_3Publisher description _uhttp://www.loc.gov/catdir/enhancements/fy0907/2008000743-d.html |
| 906 |
_a7 _bcbc _corignew _d1 _eecip _f20 _gy-gencatlg |
||
| 942 |
_2lcc _cBK |
||
| 999 |
_c1472 _d8972 |
||